LEADER 00954nam a2200253 4500 001 000000330713 003 CaOOAMICUS 005 20181015000000.0 008 181015s2015 it 000 u ita r 020 $a978-88-215-9493-9 040 $aSeMil$bita 100 1 $aRondoni, Davide,$d<1964- >.$0(OLS)http://semarc/name/7286 245 10$aSe tu fossi qui /$cDavide Rondoni. 250 $a2. ed 264 1$aCinisello Balsamo :$bSan Paolo,$c2015. 300 $a149 p. ;$c22 cm 490 1 $aNarrativa San Paolo ragazzi 830 0$aNarrativa San Paolo ragazzi.$0(OLS)http://semarc/title/419204 850 $aSeMil 852 $aSeMil$W1$xVenegono$y1$m1A III 110$j210697$B224523$CSeMilBibl$Z2$F224523 $81 996 $6020$a978-88-215-9493-9$9(OLS)http://semarc/number/285382 996 $6245$aSe tu fossi qui$9(OLS)http://semarc/title/419214 996 $6264$aCinisello Balsamo :$bSan Paolo$9(OLS)http://semarc/publisher/30129 LEADER 01437nam a2200253 i 4500 001 000000237668 003 CaOOAMICUS 005 20180830230720.0 008 180830s2014 it u000 u ita u 013 $a216573 040 $aSeMil$bita 100 1 $aSorrentino, Domenico$b<1948- >.$0(OLS)http://semarc/name/22456 245 14$aUna mano sul volto :$bi momenti pił belli della storica visita di Papa Francesco ad Assisi il 4 ottobre 2013. Lo spirito di Assisi 25-26-27 ottobre 2014 /$cRegia e montaggio Errico Mascioli ; testo Monsignor Domenico Sorrentino ; foto Giancarlo Belfiore. 260 $a[s.l.] :$bCorriere dell'Umbria,$c2014. 300 $a1 DVD (45 min) ;$c19 cm. 500 $aTitolo dal contenitore. - Contiene : Preghiera. - COLLOCAZIONE : UFFICIO. 650 4$aFrancesco I - Viaggi apostolici - Assisi.$0(OLS)http://semarc/subject/42068 700 1 $aBelfiore, Giancarlo.$0(OLS)http://semarc/name/80974 700 1 $aMascioli, Errico.$0(OLS)http://semarc/name/80973 850 $aSeMil 852 $aSeMil$W1$xVenegono$y1$m$j2960$B188014$CSeMilBibl$Z2$F0 $85 961 $aOmaggio: Delpini mons. Mario 996 $6245$aUna mano sul volto :$bi momenti pił belli della storica visita di Papa Francesco ad Assisi il 4 ottobre 2013. Lo spirito di Assisi 25-26-27 ottobre 2014$9(OLS)http://semarc/title/338774 996 $6260$a[s.l.] :$bCorriere dell'Umbria$9(OLS)http://semarc/publisher/54310